000 00656nam a2200253Ia 4500
003 OSt
005 20220918184602.0
006 a|||||r|||| 00| 0
007 ta
008 220917b |||||||| |||| 00| 0 eng d
024 _a47,197
037 _cTextual
040 _aARTS
_cARTS
_beng
041 _2eng
_aeng
082 _aP, 122K6
100 _aBenveniste Emile
_966110
245 0 _aProblemes de linguistique generale
260 _aGallimard
_c1966
300 _a356p.
_ccm.
490 _aBibliotheque des sciences humanines
650 _aLINGUISTICS
942 _hP, 122K6
_cTEXL
_2CC
999 _c177066
_d177066